OTOLOGY AND NEUROTOLOGY (Record no. 8405)

MARC details
000 -LEADER
fixed length control field 00283nam a22001337a 4500
003 - CONTROL NUMBER IDENTIFIER
control field SGT
082 ## - DEWEY DECIMAL CLASSIFICATION NUMBER
Classification number 617.51, O13K
100 ## - MAIN ENTRY--PERSONAL NAME
Personal name KIRTANE, MILND V.
245 ## - TITLE STATEMENT
Title OTOLOGY AND NEUROTOLOGY
260 ## - PUBLICATION, DISTRIBUTION, ETC. (IMPRINT)
Place of publication, distribution, etc INDIA
Name of publisher, distributor, etc THIEME PUB.
Year of Publication 2013
300 ## - PAGE DESCRIPTION
No. of Pages 498
650 ## - SUBJECT ADDED ENTRY--TOPICAL TERM
Topical term or geographic name as entry element SURGERY
942 ## - ADDED ENTRY ELEMENTS (KOHA)
Source of classification or shelving scheme Dewey Decimal Classification
Koha item type Books
Holdings
Withdrawn status Lost status Source of classification or shelving scheme Damaged status Not for loan Collection code Home library Current library Shelving location Date acquired Vendor Name Cost, normal purchase price SGTU Bill Number Total Checkouts Full call number Accession No. (Barcode) Date last seen Bill Date Koha item type
    Dewey Decimal Classification     MEDICAL SGT Medical Library SGT Medical Library Reference Book 14/03/2016 AHUJA BOOK COMPANY 10800.00 SGTU 5978   617.51, O13K FM7430 14/03/2016 14/08/2014 Books
    Dewey Decimal Classification     MEDICAL SGT Medical Library SGT Medical Library Reference Book 14/03/2016 AHUJA BOOK COMPANY 10800.00 SGTU 5978   617.51, O13K FM7431 14/03/2016 14/08/2014 Books